00372 a2200109 4500001000900000005001700009008004100026245009500067100002100162700002400183773005500207ART_782920260410161638.0260409a 10aUn día de furia fiscal (o de las paradojas del Régimen de Percepción de ISIB en PBA)1 aLorenzo, Armando1 aCavalli, César M.0 tConsultor tributariog- Nº 13 (mar. 2008)wREV474